000
00327 a2200145 4500
999
_c
11950
_d
11950
003
OSt
005
20240110194423.0
008
240110b ||||| |||| 00| 0 eng d
020
_a
295100312
082
_a
720
100
_a
Lee
245
_a
A + Plus: Small Competition & Project, Vol.2
260
_b
K-on Book
942
_2
ddc